000 01270cad a22002535a 4500
001 L150630
008 100805s2010 xxk f 000 0 eng d
020 _a0717661393
035 _a(Sirsi) u150630
041 0 _aeng
110 2 _aGreat Britain
_bHealth and Safety Executive
245 0 0 _aPersonal protective equipment at work (Second edition)
_bPersonal Protective Equipment at Work Regulations 1992 (as amended)
_h[electronic resource]
250 _a2nd ed.
260 _aHSE
_c2005
490 0 _aHSE Health and Safety Guidance
_v(L25)
520 _aProvides guidance on the Personal Protective Equipment at Work Regulations 1992, which came into force in 1993. Since then, they have been amended by the Police (Health and Safety) Regulations 1999, the Health and Safety (Miscellaneous Amendments) Regulations 2002 and the Ionising Radiations Regulations 1999.
650 2 4 _aPERSONAL PROTECTIVE EQUIPMENT AT WORK REGULATIONS 1992
650 2 4 _aHEALTH AND SAFETY (MISCELLANEOUS AMENDMENTS) REGULATIONS 2002
650 2 4 _aIONISING RADIATION REGULATIONS 1999
651 4 _aGreat Britain
_y1707-
690 _aHealth and safety
_96244
856 4 0 _uhttps://www.hse.gov.uk/pubns/priced/l25.pdf
_zView the guidance free of charge at www.hse.gov.uk
942 _n0
999 _c110928
_d110928